UBT Library

The United States health care system : (Record no. 42827)

000 -LEADER
fixed length control field 00919cam a2200253 a 4500
001 - CONTROL NUMBER
control field 14664884
005 - DATE AND TIME OF LATEST TRANSACTION
control field 20180216080742.0
008 - FIXED-LENGTH DATA ELEMENTS--GENERAL INFORMATION
fixed length control field 061211s2008 njua b 001 0 eng
010 ## - LIBRARY OF CONGRESS CONTROL NUMBER
LC control number 2006100842
020 ## - INTERNATIONAL STANDARD BOOK NUMBER
International Standard Book Number 9780131134140 (pbk.)
020 ## - INTERNATIONAL STANDARD BOOK NUMBER
International Standard Book Number 0131134140 (pbk.)
040 ## - CATALOGING SOURCE
Original cataloging agency DLC
Transcribing agency DLC
Modifying agency DLC
041 ## - LANGUAGE CODE
Language code of text/sound track or separate title eng
043 ## - GEOGRAPHIC AREA CODE
Geographic area code n-us---
080 ## - UNIVERSAL DECIMAL CLASSIFICATION NUMBER
Universal Decimal Classification number 362.10973 ann
082 00 - DEWEY DECIMAL CLASSIFICATION NUMBER
Classification number 362.10973 ann
Edition number 22
100 1# - Rafti
Rafti 4
101 ## - Shkurtesa
Shkurtesa shm
245 14 - TITLE STATEMENT
Title The United States health care system :
Statement of responsibility, etc Anne Austin, Victoria Wetle.
504 ## - BIBLIOGRAPHY, ETC. NOTE
Bibliography, etc Includes bibliographical references and index.
906 ## - LOCAL DATA ELEMENT F, LDF (RLIN)
a 7
b cbc
c orignew
d 1
e ecip
f 20
g y-gencatlg
942 ## - ADDED ENTRY ELEMENTS (KOHA)
Source of classification or shelving scheme
Item type Books
Holdings
Withdrawn status Lost status Source of classification or shelving scheme Damaged status Not for loan Collection code Permanent location Current location Shelving location Date acquired Total Checkouts Full call number Barcode Date last seen Price effective from Koha item type
          Koleksioni i përgjithshem UBT - Lipjan UBT - Lipjan Koleksioni i përgjithshem 02/16/2018   362.10973 ann 002-2998378 02/16/2018 02/16/2018 Books
UBT Library © 2015-2024. All rights reserved University Education for Business and Technology